LEADER 04702nam 22005295 450 001 9910298422203321 005 20200702172604.0 010 $a3-319-56234-7 024 7 $a10.1007/978-3-319-56234-6 035 $a(CKB)3840000000347942 035 $a(MiAaPQ)EBC5301903 035 $a(DE-He213)978-3-319-56234-6 035 $a(PPN)224639900 035 $a(EXLCZ)993840000000347942 100 $a20180216d2018 u| 0 101 0 $aeng 135 $aurcnu|||||||| 181 $2rdacontent 182 $2rdamedia 183 $2rdacarrier 200 10$aChemical Mixtures and Combined Chemical and Nonchemical Stressors $eExposure, Toxicity, Analysis, and Risk /$fedited by Cynthia V. Rider, Jane Ellen Simmons 205 $a1st ed. 2018. 210 1$aCham :$cSpringer International Publishing :$cImprint: Springer,$d2018. 215 $a1 online resource (554 pages) $cillustrations 300 $aIncludes index. 311 $a3-319-56232-0 327 $aIntroduction -- Combined exposures.-Measuring combined exposures -- Modeling complex exposures.-Prioritizing mixtures for study -- Environment-Wide Association Studies -- Biogeographical analysis of chemical co-occurrence -- Combining exposure and toxicity information to develop logical groupings for assessment -- Maximum Cumulative Ratio for deciding when to assess mixtures -- Establishing the ?no interaction? baseline -- Dose addition models -- Response addition -- Integrated addition -- Mixture statistics ? comparing predicted to observed -- Cumulative Risk Assessment -- Deciding which approach to use -- Component-based approaches -- Sufficient similarity of whole mixtures -- Other whole mixtures approaches -- Assessing interactions -- Likelihood and examples of chemical interactions -- PBPK modeling of chemical interactions -- Adding interactions to cumulative risk assessment -- Consideration of nonchemical stressors -- Toxicity and interactions of physical and chemical stressors -- Psychosocial and chemical stressors -- Adding nonchemical stressors to cumulative risk assessments -- Disease-based risk assessment -- Community-based risk assessment. 330 $aExposure to multiple chemical and nonchemical stressors is the rule, not the exception. Nevertheless, it continues to be a significant challenge in toxicology and risk assessment to thoroughly take mixtures into account. In this book, both basic and advanced concepts for considering mixtures are discussed, from initial-exposure characterization through the evaluation of risk associated with combined exposures. Several chapters also examine the adoption of promising tools from other disciplines. Looking beyond chemical mixtures, the discussion also addresses incorporating nonchemical stressors into toxicity studies and cumulative-risk assessments. This ?excellent? volume?as described by Linda S. Birnbaum, Director of the National Institute of Environmental Health Sciences and the National Toxicology Program, in her foreword to the book?forms ?a comprehensive picture of the current state of mixtures science.? With contributions from a host of established experts, Chemical Mixtures and Combined Chemical and Nonchemical Stressors: Exposure, Toxicity, Analysis, and Risk is an essential text for mixtures researchers in the fields of toxicology, epidemiology, exposure science, risk assessment, and statistics. Both seasoned mixtures researchers and those new to the field will appreciate the clear explanations of mixtures concepts as well as the comprehensive presentation of available tools for predicting mixture effects and estimating risk from combined exposures. This volume also serves as a useful reference book for students. . 606 $aPharmacology 606 $aEpidemiology 606 $aEnvironmental health 606 $aPharmacology/Toxicology$3https://scigraph.springernature.com/ontologies/product-market-codes/B21007 606 $aEpidemiology$3https://scigraph.springernature.com/ontologies/product-market-codes/H63000 606 $aEnvironmental Health$3https://scigraph.springernature.com/ontologies/product-market-codes/U18005 615 0$aPharmacology. 615 0$aEpidemiology. 615 0$aEnvironmental health. 615 14$aPharmacology/Toxicology. 615 24$aEpidemiology. 615 24$aEnvironmental Health. 676 $a615.9 702 $aRider$b Cynthia V$4edt$4http://id.loc.gov/vocabulary/relators/edt 702 $aSimmons$b Jane Ellen$4edt$4http://id.loc.gov/vocabulary/relators/edt 906 $aBOOK 912 $a9910298422203321 996 $aChemical Mixtures and Combined Chemical and Nonchemical Stressors$92505671 997 $aUNINA